Physicians' desk reference to pharmaceutical specialties and biologicals
Contents: Alphabetical index; Drug, chemical and pharmacological index; Therapeutic indications index; Product identification section; Pofessional products information; Manufacturers' service material.
Kaydedildi:
| Materyal Türü: | Kitap |
|---|---|
| Dil: | Undetermined |
| Baskı/Yayın Bilgisi: |
New Jersey
Published by Medical Economics, Inc.
1962
|
| Konular: | |
| Etiketler: |
Etiketle
Etiket eklenmemiş, İlk siz ekleyin!
|
| Thư viện lưu trữ: | Trung tâm Học liệu Trường Đại học Cần Thơ |
|---|
| LEADER | 00913nam a2200193Ia 4500 | ||
|---|---|---|---|
| 001 | CTU_223673 | ||
| 008 | 210402s9999 xx 000 0 und d | ||
| 082 | |a 615.103 | ||
| 082 | |b P578 | ||
| 245 | 0 | |a Physicians' desk reference to pharmaceutical specialties and biologicals | |
| 245 | 0 | |c J. Paul Folsom,... [et al.] | |
| 260 | |a New Jersey | ||
| 260 | |b Published by Medical Economics, Inc. | ||
| 260 | |c 1962 | ||
| 520 | |a Contents: Alphabetical index; Drug, chemical and pharmacological index; Therapeutic indications index; Product identification section; Pofessional products information; Manufacturers' service material. | ||
| 650 | |a Dược liệu,Thuốc,Materia medica,Materia medica,Materia medica,Materia medica | ||
| 650 | |x Từ điển,Từ điển,Dictionaries,Dictionaries,Dictionaries,Dictionaries | ||
| 910 | |a Trúc | ||
| 980 | |a Trung tâm Học liệu Trường Đại học Cần Thơ | ||